000 00631nam a2200229Ia 4500
003 OSt
005 20220928102057.0
006 a|||||r|||| 00| 0
007 ta
008 220927b |||||||| |||| 00| 0 eng d
024 _a47764
037 _cTextual
040 _aSDCL
_cSDCL
_beng
041 _2eng
_aeng
082 _aO152,1N17:g, L6
100 _aChauhan Chanchal
_9396447
245 0 _aMuktibodh
_bPratibaddha kala ke pratik.
260 _aNew Delhi
_bPandulipi Prakashan
_c1976
300 _a140p.
_ccm.
942 _hO152,1N17:g, L6
_cTEXL
_2CC
999 _c712176
_d712176